| 000 | 01043nam a2200301Ia 4500 | ||
|---|---|---|---|
| 003 | OSt | ||
| 005 | 20221005133628.0 | ||
| 006 | a|||||r|||| 00| 0 | ||
| 007 | ta | ||
| 008 | 221004b |||||||| |||| 00| 0 hin d | ||
| 020 |
_a8129102242 _c195 |
||
| 024 | _a83491 | ||
| 037 |
_b8030, 30/03/2005, Hindi Book Centre _cTextual |
||
| 040 |
_aCRL _cCRL _bhin |
||
| 041 |
_2hin _ahin |
||
| 082 | _aO152,1N36x, P2 | ||
| 100 | _aगुलजार | ||
| 245 | 0 | _aरात पश्मीने की | |
| 246 | _aRāt pashmīne kī | ||
| 250 | _aसंस्क 2 | ||
| 260 | _c2003 | ||
| 300 |
_a200पृ0 _ccm. |
||
| 500 | _a;ज्ीम तमंस दंउम व िैीतप ळनस्रंत पे ैीतप ैंउचववतंद ैपदहीद्ध | ||
| 650 | _a हिन्दी साहित्य | ||
| 650 | _aहिन्दी कविता | ||
| 942 |
_hO152,1N36x, P2 _cTEXL _2cc |
||
| 999 |
_c1067380 _d1067380 |
||